Paris : Les créations du Second empire - Statistiques

Statistiques générales
  • Ce quiz a été pris 25 fois
  • Le résultat moyen est 27 sur 144
Statistiques - réponses
Les gares Indice Réponses % Correct
1855 L Gare de {Lyon}
100%
1865 N Gare du {Nord}
100%
1852 M Gare {Montparnasse}
86%
1853 S Gare {Saint-Lazare}
82%
9e arrondissement O {Opéra} Garnier
55%
9e arrondissement O Place de l'{Opéra}
55%
13e arrondissement D Place Jeanne-{d'Arc}
55%
16e arrondissement B Bois de {Boulogne}
50%
11e arrondissement H Cirque d'{Hiver}
50%
1er arrondissement P Jeu de {Paume}
50%
11e arrondissement M {Mairie} du 11e arrondissement
50%
14e arrondissement M {Mairie} du 14e arrondissement
50%
1er arrondissement M {Mairie} du 1er arrondissement
50%
20e arrondissement M {Mairie} du 20e arrondissement
50%
3e arrondissement M {Mairie} du 3e arrondissement
50%
4e arrondissement M {Mairie} du 4e arrondissement
50%
7e arrondissement M {Mairie} du 7e arrondissement
50%
1854 A Pont d'{Austerlitz}
50%
6e arrondissement C Eglise Notre-Dame des {Champs}
45%
6e arrondissement L Jardin du {Luxembourg}
45%
8e arrondissement A Place de l'{Alma}
41%
3e/10e/11e arrondissement R Place de la {République}
41%
1856 A Pont de l'{Alma}
41%
1853 N Pont {Napoléon} III
41%
8e arrondissement L Square {Louis} XVI
41%
1er arrondissement L Aile nord du Palais du {Louvre}
36%
12e arrondissement V Bois de {Vincennes}
36%
1er arrondissement L Place du {Louvre}
36%
14e arrondissement L Prison de {La Santé}
36%
1er/4e arrondissements R Prolongement de la rue de {Rivoli}
36%
14e arrondissement P Eglise Saint-{Pierre}-de-Montrouge
32%
8e arrondissement C Place de la {Concorde}
32%
11e arrondissement B Place Léon {Blum}
32%
1865 B Pont de {Bercy}
32%
8e arrondissement G Avenue {Georges} V
27%
Liaison Gare du Nord/Gare de l'Est M Boulevard de {Magenta}
27%
14e arrondissement M Parc {Montsouris}
27%
4e arrondissement H Place de l'{Hôtel-de-Ville}
27%
1er arrondissement B Place Joachim-du-{Bellay}
27%
4e arrondissement V Synagogue de la place des {Vosges}
27%
16e arrondissement F Avenue {Foch}
23%
5e/6e/7e arrondissements G Boulevard Saint-{Germain}
23%
1er/2e/3e/4e arrondissements S Boulevard {Sébastopol}
23%
6e arrondissement S Eglise Saint-{Sulpice}
23%
14e arrondissement A Hôpital Sainte-{Anne}
23%
16e arrondissement F Jardins de l'avenue {Foch}
23%
8e arrondissement M Parc {Monceau}
23%
8e/16e/17e arrondissement E Place de l'{Etoile}
23%
20e arrondissement G Place {Gambetta}
23%
4e arrondissement P {Préfecture} de Police
23%
Près de la gare de Lyon D Boulevard {Diderot}
18%
8e/17e arrondissements M Boulevard {Malesherbes}
18%
5e/6e arrondissements M Boulevard Saint-{Michel}
18%
10e arrondissement J Eglise Saint-{Joseph}-artisan
18%
1er arrondissement H {Halles} de Paris
18%
19e arrondissement B Parc des {Buttes-Chaumont}
18%
16e arrondissement T Place du {Trocadéro}
18%
5e/6e arrondissement M Place Saint-{Michel}
18%
3e arrondissement T Square du {Temple}
18%
8e/16e arrondissement W Avenue du président {Wilson}
14%
1er/4e arrondissements P Boulevard du {Palais}
14%
11e arrondissement V Boulevard {Voltaire}
14%
13e arrondissement G Eglise Notre-Dame-de-la-{Gare}
14%
8e arrondissement A Eglise Saint-{Augustin}
14%
10e arrondissement M Eglise Saint-{Martin}-des-Champs
14%
4e arrondissement A Elargissement de la rue Saint-{Antoine}
14%
12e arrondissement E Fondation {Eugène}-Napoléon
14%
9e arrondissement S Grande {synagogue} de Paris
14%
17e arrondissement J Place du maréchal {Juin}
14%
1854 I Pont des {Invalides}
14%
1853 N Pont {Notre-Dame}
14%
1857 S Pont {Saint-Michel}
14%
Près de la gare Montparnasse R Rue de {Rennes}
14%
8e arrondissement F Rue {François} 1er
14%
5e arrondissement M Rue {Monge}
14%
17e arrondissement B Square des {Batignolles}
14%
9e arrondissement D Square d'Estienne {d'Orves}
14%
7e arrondissement S Square {Santiago} du Chili
14%
8e arrondissement E Temple du Saint-{Esprit}
14%
4e arrondissement C Tribunal de {Commerce}
14%
12e arrondissement D Avenue {Daumesnil}
9%
Près de la gare d'Austerlitz A Boulevard {Arago}
9%
Liaison Gare du Nord/Gare de l'Est S Boulevard de {Strasbourg}
9%
Près de la gare d'Austerlitz S Boulevard {Saint-Marcel}
9%
9e arrondissement T Eglise de la Sainte-{Trinité}
9%
20e arrondissement C Eglise Notre-Dame-de-la-{Croix} de Ménilmontant
9%
18e arrondissement B Eglise Saint-{Bernard}-de-la-Chapelle
9%
4e arrondissement H Hôpital de l'{Hôtel-Dieu}
9%
1861 S Passerelle {Solférino}
9%
1er/4e arrondissement C Place du {Châtelet}
9%
1860 C Pont au {Change}
9%
5e arrondissement B Rue Claude {Bernard}
9%
Près de la gare St Lazare H Rue du {Havre}
9%
7e arrondissement B Square {Boucicaut}
9%
18e arrondissement C Square de La {Chapelle}
9%
4e arrondissement S Square de la tour {Saint-Jacques}
9%
7e arrondissement R Square Samuel {Rousseau}
9%
7e arrondissement R Avenue {Rapp}
5%
Près de la gare Montparnasse P Boulevard de {Port-Royal}
5%
18e arrondissement C Eglise Notre-Dame de {Clignancourt}
5%
9e arrondissement E C Eglise Saint-{Eugène}-Sainte-{Cécile}
5%
7e arrondissement F Eglise Saint-{François-Xavier}
5%
16e arrondissement H Eglise Saint-{Honoré}-d'Eylau
5%
19e arrondissement J Eglise Saint-{Jean-Baptiste}-de-Belleville
5%
5e arrondissement S Elargissement de la rue {Soufflot}
5%
1er arrondissement O Galerie de l'{Orangerie}
5%
8e arrondissement C Jardins des {Champs-Elysées}
5%
1853 P {Petit} Pont
5%
1er/2e/3e arrondissements T Rue de {Turbigo}
5%
8e arrondissement C Rue Pierre {Charon}
5%
7e arrondissement B Avenue {Bosquet}
0%
7e arrondissement C Basilique Sainte-{Clotilde}
0%
6e/7e/14e arrondissement R Boulevard {Raspail]
0%
8e arrondissement A Cathédrale Saint-{Alexandre-Nevsky}
0%
11e arrondissement A Eglise Saint-{Ambroise}
0%
13e arrondissement R Eglise Sainte-{Rosalie}
0%
6e arrondissement I Eglise Saint-{Ignace}
0%
11e arrondissement N Eglise Saint-Joseph-des-{Nations}
0%
15e arrondissement L Eglise Saint-{Lambert}-de-Vaugirard
0%
6e arrondissement E Jardin des Grands {Explorateurs}
0%
16e arrondissement R Jardin du {Ranelagh}
0%
8e arrondissement E Place de l'{Europe}
0%
17e arrondissement C Place du général {Catroux}
0%
1856 A Pont d'{Arcole}
0%
1862 L Pont {Louis-Philippe}
0%
7e arrondissement T Prolongation du boulevard de la {Tour-Maubourg}
0%
17e arrondissement M Quartier de la plaine de {Monceaux}
0%
Près de la gare St Lazare A Rue {Auber}
0%
Liaison Gare St Lazare/Gare du N. C Rue de {Chateaudun}
0%
8e arrondissement M Rue de {Marignan}
0%
Liaison Gare St Lazare/Gare du N. M Rue de {Maubeuge}
0%
5e arrondissement G Rue [Gay-Lussac}
0%
8e arrondissement M Rue {Marbeuf}
0%
10e arrondissement C Square Aristide {Cavaillé-Col}
0%
9e arrondissement B Square {Berlioz}
0%
7e arrondissement A Square d'{Ajaccio}
0%
3e arrondissement C Square Emile {Chautemps}
0%
14e arrondissement B Square Ferdinand {Brunot}
0%
16e arrondissement L Square {Lamartine}
0%
2e arrondissement L Square {Louvois}
0%
8e arrondissement P Square Marcel {Pagnol}
0%
19e arrondissement M Square Mgr {Maillet}
0%
9e arrondissement M Square {Montholon}
0%
5e arrondissement L Square Paul {Langevin}
0%
Aucun quiz correspondant
Distribution des résultats
% des personnes avec chaque résultat
Percentile par nombre de réponses
Votre historique - résultats
Vous n’avez pas pris ce quiz